La Verdadera responsabilidad de los medios en relación con el desencanto político /
Guardat en:
| Autor principal: | |
|---|---|
| Format: | Text |
| Matèries: | |
| Etiquetes: |
Afegir etiqueta
Sense etiquetes, Sigues el primer a etiquetar aquest registre!
|
MARC
| LEADER | 00000 a a2200000 04500 | ||
|---|---|---|---|
| 001 | 16818 | ||
| 003 | |||
| 040 | |||
| 100 | |a Carazo Barrantes, Carolina | ||
| 245 | |a La Verdadera responsabilidad de los medios en relación con el desencanto político / |c Carolina Carazo Barrantes | ||
| 650 | |a MEDIOS DE COMUNICACION DE MASAS | ||
| 650 | |a EDUCACION POLITICA | ||
| 650 | |a CONCIENTIZACION | ||
| 650 | |a NOTICIAS | ||
| 650 | |a TELEVISION | ||
| 773 | |g volumen 11, número 3; páginas 45-58 | ||
| 999 | |c 34432 |d 34432 | ||
